La Batalla de Maipú

Salvato in:
Dettagli Bibliografici
Autore principale: Díaz, Francisco Javier (Autore)
Natura: Libro
Lingua:spagnolo
Pubblicazione: Santiago Del Pacífico 1946
Soggetti:
Tags: Aggiungi Tag
Nessun Tag, puoi essere il primo ad aggiungerne!!

MARC

LEADER 00000cam a2200000 a 4500
001 UCH7993
003 CL-VaPUC
008 091127e19460000CL |||||||||||||||||spa|d
082 0 4 |a 983.04  |b DIA  |2 21 
100 0 |a Díaz, Francisco Javier  |e author  |9 544382 
245 1 3 |a La Batalla de Maipú 
300 |a 156 p 
942 |c BK 
945 |d 20091127 00:00:00  |a ccalabra 
260 |a Santiago  |b Del Pacífico  |c 1946 
500 |a Incluye apéndice cartográfico 
650 0 |a Historia de Chile  |9 265473 
650 0 |a Historia de Chile   |9 322385 
650 0 |a Guerra de independencia   |9 327964 
651 7 |a CHILE  |2 CL-VaPUC  |9 544383 
583 |a last modification  |c 20160602 17:24:45  |k Rodrigo Vera 
999 |c 338276  |d 338274 
952 |0 0  |1 0  |3 erb  |4 0  |6 983_040000000000000_DIA_1946  |7 0  |8 X  |9 431182  |a FDOBUD  |b FDOBUD  |i 5217202  |o 983.04 DIA 1946  |p 5217202  |r 2019-11-22  |w 2019-11-22  |y BK_X  |z Catalogado en:20160310  |k BUD